000
00278nam a2200097Ia 4500
008
240331s9999 xx 000 0 und d
082
_b
NAD
100
_a
Nadesan, S
245
4
_a
The JVP insurgency of 1971 :
_b
a speech made in the Ceylon senate on 14th and 15th May 1971
942
_c
L
999
_c
2395
_d
2395